| 000 | 00453nam a2200169 a 4500 | ||
|---|---|---|---|
| 005 | 20141022142008.0 | ||
| 008 | 120228s19uu xx 00 eng d | ||
| 050 |
_aCD-ROM _bM31 2009 |
||
| 100 | _aLangley, John | ||
| 245 |
_aManaging supply chains : _ba logistic approach / _cJohn Langley Jr., et al. |
||
| 260 | _c2009. | ||
| 700 | _aCoyle, John | ||
| 700 | _aGibson, Brian | ||
| 700 | _aNovack, Robert | ||
| 700 | _aBardi, Edward | ||
| 942 | _cAVM | ||
| 999 |
_c276630 _d276630 |
||